000 00443pab a2200145 454500
008 180718b1974 xxu||||| |||| 00| 0 eng d
100 _aBy Jacob P. Meerman
245 _aThe definition of income in studies of budget incidence and income distribution
260 _c1974
300 _a515-22p.
500 _aSee Call No.T In8/171 (IBRD) Accn.No.574 (Reprinted)
650 _aIncome
773 _aReview of Income and Wealth
909 _a21318
999 _c21318
_d21318